| 000 | 00873nam a2200301 a 4500 | ||
|---|---|---|---|
| 001 | 1070515 | ||
| 003 | OSt | ||
| 005 | 20180116183052.0 | ||
| 008 | 900529s1990 ncua b 001 0 eng d | ||
| 020 | _a1555443761 | ||
| 035 | _a(OCoLC)ocm21615649 | ||
| 035 | _a(CStRLIN)NYCG92-B19464 | ||
| 040 |
_aNRC _cNRC _dWAU |
||
| 082 | _a005.36 SAS 1990 | ||
| 100 | _aSAS/STAT | ||
| 245 | 0 | 0 |
_aSAS/STAT user's guide : _bversion 6. |
| 250 | _a4th ed. | ||
| 260 |
_aCary, NC : _bSAS Institute Inc., _cc1990. |
||
| 300 |
_a2 v. : _bill. ; _c28 cm. |
||
| 440 |
_aSAS/STAT user's guide version 6. _nVolume 2 |
||
| 504 | _aIncludes bibliographical references and indexes. | ||
| 630 | 0 | 0 | _aSAS (Computer file) |
| 650 | 0 |
_aMathematical statistics _xData processing. |
|
| 650 | 0 |
_aStatistics _xData processing. |
|
| 710 | 2 | _aSAS Institute. | |
| 942 |
_2ddc _cBK |
||
| 999 |
_c351672 _d351672 |
||